Theological-political treatise /
| Main Author: | |
|---|---|
| Other Authors: | |
| Format: | Book |
| Language: | English Latin |
| Published: |
Cambridge ; New York :
Cambridge University Press,
2007 [11th pritning 2015]
|
| Series: | Cambridge texts in the history of philosophy
|
| Subjects: | |
| Online Access: | Table of contents only Publisher description Contributor biographical information |
| Classic Catalogue: | View this record in Classic Catalogue |
| LEADER | 01939nam a2200409 a 4500 | ||
|---|---|---|---|
| 001 | 30307 | ||
| 003 | BD-DhAAL | ||
| 005 | 20151116111730.0 | ||
| 008 | 161115r20152007enk b 001 0 eng | ||
| 010 | |a 2006036798 | ||
| 020 | |a 9780521824118 (alk. paper) | ||
| 020 | |a 0521824117 (alk. paper) | ||
| 020 | |a 9780521530972 (pbk. : alk. paper) | ||
| 020 | |a 0521530970 (pbk. : alk. paper) | ||
| 040 | |a DLC |c DLC |d BAKER |d UKM |d BTCTA |d C#P |d YDXCP |d DLC |d BD-DhAAL | ||
| 041 | 1 | |a eng |h lat | |
| 050 | 0 | 0 | |a B3985.E5 |b S55 2007 |
| 082 | 0 | 0 | |a 199.492 |2 22 |
| 100 | 1 | |a Spinoza, Benedictus de, |d 1632-1677. |9 6804 | |
| 240 | 1 | 0 | |a Tractatus theologico-politicus. |l English |
| 245 | 1 | 0 | |a Theological-political treatise / |c Benedict de Spinoza ; edited by Jonathan Israel ; translated by Michael Silverthorne and Jonathan Israel. |
| 260 | |a Cambridge ; |a New York : |b Cambridge University Press, |c 2007 [11th pritning 2015] | ||
| 300 | |a xlvi, 280 p. ; |c 24 cm. | ||
| 490 | 0 | |a Cambridge texts in the history of philosophy | |
| 504 | |a Includes bibliographical references and index. | ||
| 541 | |e 30307 | ||
| 546 | |a Translated from the Latin. | ||
| 650 | 0 | |a Philosophy and religion |v Early works to 1800. |9 16201 | |
| 650 | 0 | |a Free thought |v Early works to 1800. |9 16202 | |
| 650 | 0 | |a Political science |v Early works to 1800. |9 16203 | |
| 700 | 1 | |a Israel, Jonathan I. |q (Jonathan Irvine), |d 1946- |9 6803 | |
| 856 | 4 | 1 | |3 Table of contents only |u http://www.loc.gov/catdir/toc/ecip074/2006036798.html |
| 856 | 4 | 2 | |3 Publisher description |u http://www.loc.gov/catdir/enhancements/fy0703/2006036798-d.html |
| 856 | 4 | 2 | |3 Contributor biographical information |u http://www.loc.gov/catdir/enhancements/fy0729/2006036798-b.html |
| 942 | |2 ddc |c BK | ||
| 999 | |c 36155 |d 36155 | ||
| 952 | |0 0 |1 0 |2 ddc |4 0 |6 199_492000000000000_SPI |7 0 |9 56850 |a BRACUL |b BRACUL |c GEN |d 2015-11-16 |e Karim International |g 1880.00 |l 1 |m 30 |o 199.492 SPI |p 3010030307 |r 2025-03-06 |s 2024-06-12 |t 1 |w 2015-11-16 |y BK | ||